A természetes nyelvi feldolgozóeszközök kis jogi irodákban történő használatának akadályairól és lehetőségeiről

Elmentve itt :
Bibliográfiai részletek
Szerzők: Vadász János Pál
Görög György
Dokumentumtípus: Könyv része
Megjelent: Ludovika Press Budapest 2022
Sorozat:Jogi technológiák
Tárgyszavak:
mtmt:33191762
Online Access:http://publicatio.bibl.u-szeged.hu/25401
LEADER 00918naa a2200229 i 4500
001 publ25401
005 20221027162554.0
008 221027s2022 hu o 0|| Magyar d
020 |a 9789635318193 
024 7 |a 33191762  |2 mtmt 
040 |a SZTE Publicatio Repozitórium  |b hun 
041 |a Magyar 
100 1 |a Vadász János Pál 
245 1 2 |a A természetes nyelvi feldolgozóeszközök kis jogi irodákban történő használatának akadályairól és lehetőségeiről  |h [elektronikus dokumentum] /  |c  Vadász János Pál 
260 |a Ludovika Press  |b Budapest  |c 2022 
300 |a 34 
300 |a 203-236 
490 0 |a Jogi technológiák 
650 4 |a Jogtudomány 
700 0 1 |a Görög György  |e aut 
856 4 0 |u http://publicatio.bibl.u-szeged.hu/25401/1/1071_Jogi_technologiak1.pdf  |z Dokumentum-elérés  
856 4 0 |u http://publicatio.bibl.u-szeged.hu/25401/3/1071_Jogi_technologiak%20%282%29.pdf  |z Dokumentum-elérés